000 00711nam a2200217 i 4500
001 19728
003 ES-MaACL
007 t|
008 021009s1976 mx ||||1| spa d
100 1 _aAbrahamsen, David,
_918128
245 1 3 _aLa mente asesina /
_cDavid Abrahamsen ; [traducción de Sergio Lugo Rendón].
250 _a[1ª ed.].
260 _aMéxico :
_bFondo de Cultura Económica,
_c1976.
300 _a268 p. ;
_c21 cm.
490 1 _aBiblioteca de psicología y psicoanálisis
504 _aBibliografía: p. 267-268.
700 1 _aLugo Rendón, Sergio.
_974661
830 0 _aBiblioteca de psicología y psicoanálisis
_9179941
852 _aES-MaACL
_jL-9676
_bR.111910
999 _c19728
_d19728